000 00325nam a2200133Ia 4500
005 20260328104307.0
008 260328s9999||||xx |||||||||||||| ||und||
100 _aBroto, Carles
245 0 _aBares y Restaurantes /
_cCarles Broto
260 _bLinks
300 _a288 p.
650 _aDECORACION DE INTERIOR
942 _cBK
999 _c10816
_d10816